Medicina de urgencias

Saved in:
Bibliografiske detaljer
Hovedforfatter: Adams, Hans-Anton
Andre forfattere: Flemming, Andreas, Friedrich, Lars, Ruschulte, Heiner
Format: Bog
Sprog:spansk
Udgivet: Madrid Médica Panamericana 2008
Fag:
Tags: Tilføj Tag
Ingen Tags, Vær først til at tagge denne postø!

MARC

LEADER 00000cam a2200000 a 4500
001 UCD1194
003 CL-VaPUC
005 20220103111656.0
008 160114e20080000sp |||||||||||||||||spa|d
999 |c 362594  |d 362592 
020 |a 9788498351576 
040 |c Pontificia Universidad Católica de Valparaíso 
082 0 4 |a 616 ADA 2008  |2 21 
100 0 |a Adams, Hans-Anton  |9 584278 
245 1 0 |a Medicina de urgencias 
260 |a Madrid  |b Médica Panamericana  |c 2008 
300 |a 219 páginas 
583 |a last modification  |c 20160114 01:07:00  |k Rodrigo Vera 
650 0 |a Medicina clínica   |9 328118 
650 7 |a MEDICINA INTERNA  |2 CL-VaPUC  |9 429253 
700 0 |a Flemming, Andreas  |9 584279 
700 0 |a Friedrich, Lars  |9 584280 
700 0 |a Ruschulte, Heiner  |9 584281 
942 |c BK  |2 ddc 
945 |d 20160114 01:07:00  |a dcastane 
952 |0 0  |1 0  |2 ddc  |3 erb  |4 0  |6 616_000000000000000_ADA_2008  |7 0  |8 A  |9 473938  |a BIBCUR  |b BIBCUR  |i 5262488  |o 616 ADA 2008  |p 5262488  |r 2025-04-22  |t 2  |w 2019-11-24  |y BK  |z Catalogado en:20160114  |k BIO